Feminist criminology and technopolitics: new "frames" for gender-based violence in Brazil

In this article, based on the debates of feminist criminology in Brazil, we aim to analyze feminist campaigns that use technopolitics as a strategy to face gender violence. These campaigns are exposed through the disputes between emancipatory and punitive claims. We propose to use hashtags as femini...

Ausführliche Beschreibung

Gespeichert in:  
Bibliographische Detailangaben
1. VerfasserIn: Martins, Fernanda (Verfasst von)
Medienart: Elektronisch Aufsatz
Sprache:Englisch
Veröffentlicht: 2020
In: Oñati Socio-Legal Series
Jahr: 2020, Band: 10, Heft: 1S, Seiten: 10S-37S
Online-Zugang: Volltext (Resolving-System)
Volltext (kostenfrei)
Rechteinformation:CC BY 4.0
Verfügbarkeit prüfen: HBZ Gateway
Schlagwörter:

MARC

LEADER 00000caa a22000002c 4500
001 1858867703
003 DE-627
005 20240306144856.0
007 cr uuu---uuuuu
008 230906s2020 xx |||||o 00| ||eng c
024 7 |a 10.35295/osls.iisl/0000-0000-0000-1154  |2 doi 
035 |a (DE-627)1858867703 
035 |a (DE-599)KXP1858867703 
040 |a DE-627  |b ger  |c DE-627  |e rda 
041 |a eng 
084 |a 2,1  |2 ssgn 
100 1 |a Martins, Fernanda  |e VerfasserIn  |4 aut 
245 1 0 |a Feminist criminology and technopolitics  |b new "frames" for gender-based violence in Brazil  |c Fernanda Martins 
264 1 |c 2020 
336 |a Text  |b txt  |2 rdacontent 
337 |a Computermedien  |b c  |2 rdamedia 
338 |a Online-Ressource  |b cr  |2 rdacarrier 
500 |a Literaturverzeichnis: Seite 32S-37S 
520 |a In this article, based on the debates of feminist criminology in Brazil, we aim to analyze feminist campaigns that use technopolitics as a strategy to face gender violence. These campaigns are exposed through the disputes between emancipatory and punitive claims. We propose to use hashtags as feminist analysis tools to understand the ambivalence present in vulnerability. In order to do so, we will use the hashtags #ChegaDeFiuFiu, #MeuPrimeiroAssedio, and #MeuAmigoSecreto to analyze new meanings of justice promoted by the feminist movements, which appear not to prioritize the use of punitive power. In the same way, we seek from the #EleNão movement, recognized as feminist democratic technopolitics, to reformulate the possibilities of analyzing the Brazilian criminological field. 
520 |a En este artículo, nos basamos en los debates de la criminología feminista en Brasil, y nos proponemos analizar campañas feministas que utilizan la tecnopolítica como estrategia para hacer frente a la violencia de género, y que quedan expuestas a través de las disputas entre las afirmaciones emancipatorias y las punitivas. Proponemos usar etiquetas (hashtags) como herramienta de análisis feminista para comprender la ambivalencia presente en la vulnerabilidad. Para conseguir ese objetivo, utilizaremos las etiquetas #ChegaDeFiuFiu, #MeuPrimeiroAssedio y #MeuAmigoSecreto para analizar nuevos significados de la justicia promovidos por los movimientos feministas, que parece que no priorizan el uso del poder punitivo. Igualmente, a partir del movimiento #EleNão, reconocido como tecnopolítica democrática feminista, nos proponemos reformular las posibilidades para examinar el campo criminológico brasileño. 
540 |q DE-2619  |a Namensnennung 4.0 International  |f CC BY 4.0  |2 cc  |u http://creativecommons.org/licenses/by/4.0/ 
650 4 |a Brasil 
650 4 |a Brazil 
650 4 |a Criminología feminista 
650 4 |a Feminist criminology 
650 4 |a Hashtags 
650 4 |a Technopolitics 
650 4 |a etiquetas 
650 4 |a tecnopolítica 
773 0 8 |i Enthalten in  |a Oñati International Institute for the Sociology of Law  |t Oñati Socio-Legal Series  |d Oñati : [Verlag nicht ermittelbar], 2011  |g 10(2020), 1S, Seite 10S-37S  |h Online-Ressource  |w (DE-627)718614828  |w (DE-600)2661059-0  |w (DE-576)365227927  |x 2079-5971  |7 nnas 
773 1 8 |g volume:10  |g year:2020  |g number:1S  |g pages:10S-37S 
856 |u https://opo.iisj.net/index.php/osls/article/download/1242/1284  |x unpaywall  |z Vermutlich kostenfreier Zugang  |h publisher [deprecated] 
856 4 0 |u https://doi.org/10.35295/osls.iisl/0000-0000-0000-1154  |x Resolving-System  |3 Volltext  |7 1 
856 4 0 |u https://opo.iisj.net/index.php/osls/article/view/1242  |x Verlag  |z kostenfrei  |3 Volltext  |7 0 
951 |a AR 
ELC |a 1 
LOK |0 000 xxxxxcx a22 zn 4500 
LOK |0 001 4373107351 
LOK |0 003 DE-627 
LOK |0 004 1858867703 
LOK |0 005 20240306144856 
LOK |0 008 230906||||||||||||||||ger||||||| 
LOK |0 040   |a DE-21-110  |c DE-627  |d DE-21-110 
LOK |0 092   |o n 
LOK |0 852   |a DE-21-110 
LOK |0 852 1  |9 00 
LOK |0 935   |a krzo 
LOK |0 939   |a 06-09-23  |b l01 
OAS |a 1 
ORI |a SA-MARC-krimdoka001.raw